[Event "SRB-chT2 East CS"]
[Site "Serbia"]
[Date "2012.09.14"]
[Round "1.58"]
[White "Milutinovic, Stefana"]
[Black "Brkic, Antonio"]
[Result "1-0"]
[WhiteElo "1981"]
[BlackElo "1682"]
[PlyCount "67"]
[EventDate "2012.09.14"]
[EventType "team"]
[EventRounds "9"]
[EventCountry "SRB"]
[SourceTitle "EXT 2015"]
[Source "ChessBase"]
[SourceDate "2014.11.20"]
[SourceVersion "1"]
[SourceVersionDate "2014.11.20"]
[SourceQuality "1"]

1. d4 g6 2. c4 Bg7 3. Nc3 c5 4. d5 d6 5. e4 Nf6 6. h3 Nbd7 7. Nf3 b6 8. Be2 a6 9. 0-0 0-0 10. Re1 Qc7 11. Bf4 Ne8 12. Qd2 Ne5 13. Nxe5 dxe5 14. Bh2 Nd6 15. a4 Rd8 16. Bd3 Rb8 17. f4 Nb7 18. Rf1 Bh6 19. g4 exf4 20. Bxf4 Bxf4 21. Qxf4 Qxf4 22. Rxf4 Bd7 23. e5 Rf8 24. Raf1 Rbd8 25. Ne4 Bxa4 26. Ng5 Be8 27. Ne6 fxe6 28. Rxf8+ Kg7 29. dxe6 Kh6 30. Be4 Na5 31. b3 Rc8 32. R1f3 b5 33. cxb5 axb5 34. Rh8 1-0